000 00700nam a2200229 i 4500
001 109526
003 ES-MaACL
005 20230906184847.0
007 t|
008 061121s1985 sp a |||| | spa d
020 _a84-376-0516-4
100 1 _aMuller Profumo, Luciana.
_984150
245 1 3 _aEl ornamento icónico y la arquitectura, 1400-1600 /
_cLuciana Müller Profumo.
260 _aMadrid :
_bCátedra,
_c1985.
300 _a390 p. :
_bil. ;
_c21 cm.
490 1 _aEnsayos arte
650 4 _aDecoración y ornamentación arquitectónica.
_9151448
650 4 _aArquitectura renacentista.
_910050
830 0 _aEnsayos arte
_9178883
852 _aES-MaACL
_jL-9126
999 _c109526
_d109526